000 00236nam a2200097Ia 4500
001 714324
005 20250826162903.0
008 250824s9999 xx 000 0 und d
245 0 _aZEHR-İ BAL
_cSEZGİN IRMAK
260 _bPORTAKAL YAYINLARI
999 _c714324
_d714324